<?xml version="1.0" encoding="UTF-8"?>
<record
    xmlns:xsi="http://www.w3.org/2001/XMLSchema-instance"
    xsi:schemaLocation="http://www.loc.gov/MARC21/slim http://www.loc.gov/standards/marcxml/schema/MARC21slim.xsd"
    xmlns="http://www.loc.gov/MARC21/slim">

  <leader>00512nam a2200145   4500</leader>
  <controlfield tag="005">20251124115537.0</controlfield>
  <datafield tag="020" ind1=" " ind2=" ">
    <subfield code="a">9789551948085</subfield>
  </datafield>
  <datafield tag="082" ind1=" " ind2=" ">
    <subfield code="a">954.93</subfield>
    <subfield code="b">POL</subfield>
  </datafield>
  <datafield tag="245" ind1=" " ind2=" ">
    <subfield code="a">&#xDB4;&#xDDC;&#xDC5;&#xDDC;&#xDB1;&#xDCA;&#xDB1;&#xDBB;&#xDD4;&#xDC0;/</subfield>
  </datafield>
  <datafield tag="260" ind1=" " ind2=" ">
    <subfield code="a">&#xD9A;&#xDDC;&#xDC5;&#xDB9;:</subfield>
    <subfield code="b">&#xDA2;&#xDB1;&#xDCF;&#xDB0;&#xDD2;&#xDB4;&#xDAD;&#xDD2; &#xDBD;&#xDDA;&#xD9A;&#xDB8;&#xDCA; &#xD9A;&#xDCF;&#xDBB;&#xDCA;&#xDBA;&#xDCF;&#xDBD;&#xDBA;,</subfield>
    <subfield code="c">2019.</subfield>
  </datafield>
  <datafield tag="300" ind1=" " ind2=" ">
    <subfield code="a">232</subfield>
    <subfield code="b">&#xDA0;&#xDD2;&#xDAD;&#xDCA;&#x200D;&#xDBB;</subfield>
  </datafield>
  <datafield tag="500" ind1=" " ind2=" ">
    <subfield code="a">&#xDB4;&#xDBB;&#xDCA;&#xDBA;&#xDDA;&#xDC2;&#xDAB;&#xDCF;&#xDAD;&#xDCA;&#xDB8;&#xD9A; &#xDC1;&#xDCF;&#xDC3;&#xDCA;&#xDAD;&#xDCA;&#x200D;&#xDBB;&#xDD3;&#xDBA; &#xDC3;&#xD82;&#xD9C;&#xDCA;&#x200D;&#xDBB;&#xDC4;&#xDBA;</subfield>
  </datafield>
  <datafield tag="650" ind1=" " ind2=" ">
    <subfield code="a">History-Sri Lanka,Polonnaruwa</subfield>
    <subfield code="9">849</subfield>
  </datafield>
  <datafield tag="942" ind1=" " ind2=" ">
    <subfield code="c">BK</subfield>
  </datafield>
  <datafield tag="999" ind1=" " ind2=" ">
    <subfield code="c">5182</subfield>
    <subfield code="d">5182</subfield>
  </datafield>
  <datafield tag="952" ind1=" " ind2=" ">
    <subfield code="0">0</subfield>
    <subfield code="1">0</subfield>
    <subfield code="7">0</subfield>
    <subfield code="a">IC</subfield>
    <subfield code="b">IC</subfield>
    <subfield code="c">NEW</subfield>
    <subfield code="d">2025-11-11</subfield>
    <subfield code="e">Donation-Former President Maithripala Sirisena</subfield>
    <subfield code="g">3500.00</subfield>
    <subfield code="l">0</subfield>
    <subfield code="o">954.93 POL</subfield>
    <subfield code="p">007708</subfield>
    <subfield code="r">2025-11-24 11:57:09</subfield>
    <subfield code="w">2025-11-24</subfield>
    <subfield code="y">BK</subfield>
  </datafield>
</record>
